000 00498 a2200157 4500
020 _a 8173196591
040 _aDLC
_bDLC
082 _a510.2462
100 _aBabu, A. Chandra.
245 _aNew Engineering Mathematics
_cA. Chandra, Babu.
260 _aNew Delhi:
_bNarosa Publishing House Pvt. Ltd.,
_c 2006.
300 _avol,ii.x, (various pagings) :
_b ill. ;
_c24 cm.
500 _aIncludes Index
650 _a 1.Engineering Mathematics. 2.Mathematics physics.
942 _cBK
_k510.2462 BAB
_2ddc
999 _c7481
_d7481